书目信息 |
| 题名: |
甘蔗营养管理与检测技术
|
|
| 作者: | 刀静梅 , 樊仙 , 李复琴 编著 | |
| 分册: | ||
| 出版信息: | 北京 中国农业出版社 2018 |
|
| 页数: | 168页, [4] 页图版 | |
| 开本: | 26cm | |
| 丛书名: | ||
| 单 册: | ||
| 中图分类: | S566.1 | |
| 科图分类: | ||
| 主题词: | 甘蔗--gan zhe--栽培技术 | |
| 电子资源: | ||
| ISBN: | 978-7-109-24555-6 | |
| 000 | 01130nam0 2200301 450 | |
| 001 | 012001003620 | |
| 005 | 20131104175231.0 | |
| 010 | @a978-7-109-24555-6@dCNY45.00 | |
| 099 | @aCAL 012019064152 | |
| 100 | @a20190116d2018 em y0chiy50 ea | |
| 101 | 0 | @achi |
| 102 | @aCN@b110000 | |
| 105 | @aafk a 000yy | |
| 106 | @ar | |
| 200 | 1 | @a甘蔗营养管理与检测技术@Agan zhe ying yang guan li yu jian ce ji shu@f刀静梅 ... 等编著 |
| 210 | @a北京@c中国农业出版社@d2018 | |
| 215 | @a168页, [4] 页图版@c彩图@d26cm | |
| 300 | @a资助项目:现代农业产业技术体系建设专项资金资助(CARS-17) 国家特色农产品质量安全风险评估(GJFP201801002) 金平富民强县项目 | |
| 304 | @a编著者还有:樊仙、李复琴、邓军等 | |
| 320 | @a有书目 | |
| 330 | @a本书分为甘蔗营养管理、现代甘蔗相关检测技术两部分共十一章,内容包括:甘蔗生长必需的营养元素;甘蔗生长需肥规律;土壤组成及其对甘蔗的主要作用等。 | |
| 606 | 0 | @a甘蔗@Agan zhe@x栽培技术 |
| 690 | @aS566.1@v5 | |
| 701 | 0 | @a刀静梅@Adao jing mei@4编著 |
| 701 | 0 | @a樊仙@Afan xian@4编著 |
| 701 | 0 | @a李复琴@Ali fu qin@4编著 |
| 801 | 0 | @aCN@b上海新华@c20191020 |
| 905 | @b1206014-7@dS566.1@e113@f4 | |
| 甘蔗营养管理与检测技术/刀静梅 ... 等编著.-北京:中国农业出版社,2018 |
| 168页, [4] 页图版:彩图;26cm |
| 资助项目:现代农业产业技术体系建设专项资金资助(CARS-17) 国家特色农产品质量安全风险评估(GJFP201801002) 金平富民强县项目 |
| ISBN 978-7-109-24555-6:CNY45.00 |
| 本书分为甘蔗营养管理、现代甘蔗相关检测技术两部分共十一章,内容包括:甘蔗生长必需的营养元素;甘蔗生长需肥规律;土壤组成及其对甘蔗的主要作用等。 |
| ● |
| 相关链接 |
|
|
|
|
正题名:甘蔗营养管理与检测技术
索取号:S566.1/113
 
预约/预借
| 序号 | 登录号 | 条形码 | 馆藏地/架位号 | 状态 | 备注 |
| 1 | 1206014 | 212060142 | 第二样本阅览室/ [索取号:S566.1/113] | 在馆 | |
| 2 | 1206015 | 212060151 | 第三借阅区/ [索取号:S566.1/113] | 在馆 | |
| 3 | 1206016 | 212060160 | 第三借阅区/ [索取号:S566.1/113] | 在馆 | |
| 4 | 1206017 | 212060179 | 第三借阅区/ [索取号:S566.1/113] | 在馆 |